Every 2,000 Yard rusher in NFL history - Statistics

General Stats
  • This quiz has been taken 33 times
    12 since last reset
  • The average score is 5 of 9
Answer Stats
Year Yards Answer % Correct
2024 2,005 Saquon Barkley
100%
2020 2,027 Derrick Henry
90%
2012 2,097 Adrian Peterson
70%
1984 2,105 Eric Dickerson
70%
1997 2,053 Barry Sanders
60%
1973 2,003 O.J. Simpson
40%
2003 2,066 Jamal Lewis
30%
1998 2,008 Terrell Davis
30%
2009 2,006 Chris Johnson
20%
No matching quizzes found
Score Distribution
Percent of People with Each Score
Percentile by Number Answered
Your Score History
You have not taken this quiz since the last reset